| 000 | 01231cam a2200361 a 4500 | ||
|---|---|---|---|
| 001 | 12659303 | ||
| 003 | OSt | ||
| 005 | 20140410100210.0 | ||
| 008 | 020128s2002 nyua b 000 0 eng | ||
| 010 | _a 2002019057 | ||
| 020 | _a0439636175 | ||
| 040 |
_aDLC _cDLC _dDLC |
||
| 042 |
_apcc _alcac |
||
| 050 | 0 | 0 |
_aQL 737.C214 _b.G55 2003 |
| 082 | 0 | 0 | _a599.789 |
| 100 | 1 |
_aGibbons, Gail. _923032 |
|
| 245 | 1 | 0 |
_aGiant pandas / _cby Gail Gibbons. |
| 250 | _a1st ed. | ||
| 260 |
_aNew York : _bScholastic, _c2002. |
||
| 300 |
_a1 v. (unpaged) : _bcol. ill. ; _c27 cm. |
||
| 520 | _aAn introduction to the physical characteristics, behavior, life cycle, and habitat of these endangered animals. | ||
| 521 | _aG7 | ||
| 526 | _c860 | ||
| 562 | _efor circulation. 1 copy available in the collection | ||
| 650 | 0 |
_aGiant panda _vJuvenile literature. _925893 |
|
| 650 | 1 |
_aGiant panda. _925894 |
|
| 650 | 1 |
_aPandas. _925895 |
|
| 650 | 1 |
_aEndangered species. _925896 |
|
| 906 |
_a7 _bcbc _corignew _d1 _eocip _f20 _gy-gencatlg |
||
| 942 |
_2lcc _cBK |
||
| 999 |
_c34067 _d34067 |
||